Aplikácia pre mobilné zariadenie

Na minha lista:
Detalhes bibliográficos
Autor principal: Zeman, Matúš (Author)
Outros Autores: Čerňanský, Michal, 1976- (xxx)
Formato: Manuscrito Livro
Idioma:eslovaco
Publicado em: Bratislava : STU v Bratislave FIIT, 2006
Assuntos:
Tags: Adicionar Tag
Sem tags, seja o primeiro a adicionar uma tag!

MARC

LEADER 00000ntm a22000003a 4500
001 stu141197
005 20160720142857.1
008 070510s2006----xo------------------slo-d
040 |a STU  |b slo 
041 0 |a slo 
044 |a xo 
100 1 |a Zeman, Matúš  |4 aut 
245 1 |a Aplikácia pre mobilné zariadenie 
260 |a Bratislava :  |b STU v Bratislave FIIT,  |c 2006 
300 |a 51 s  |c príl. 
650 7 |a informatika  |2 stusub 
700 1 |a Čerňanský, Michal,  |d 1976-  |4 xxx  |u I300  |U FIIT Fakulta informatiky a informačných technológií  |T FIIT Ústav aplikovanej informatiky  |X 4236  |U I300  |Y 180  |7 4236 
996 |c I*BAP102/06  |l II680  |s P  |a 0  |w stu141197_0001